Límites entre Guatemala y Honduras (Record no. 92493)

MARC details
000 -LEADER
campo de control de longitud fija 00567nam a2200145 i 4500
001 - NÚMERO DE CONTROL
campo de control 92493
003 - IDENTIFICADOR DE NÚMERO DE CONTROL
campo de control ES-MaACL
007 - CAMPO FIJO DE DESCRIPCIÓN FÍSICA--INFORMACIÓN GENERAL
campo de control de longitud fija t|
008 - DATOS DE LONGITUD FIJA--INFORMACIÓN GENERAL
campo de control de longitud fija 050309s1928 gt ||||1| spa d
245 00 - MENCIÓN DEL TÍTULO
Título Límites entre Guatemala y Honduras
Resto del título : comentarios de la prensa a la negativa de Honduras para aceptar el arbitraje del Tribunal Centroamericano.1928 /
Mención de responsabilidad, etc. Publicaciones de la Comisión de Límites.
260 ## - PUBLICACIÓN, DISTRIBUCIÓN, ETC.
Lugar de publicación, distribución, etc. Guatemala :
Nombre del editor, distribuidor, etc. [s.n.],
Fecha de publicación, distribución, etc. 1928 (
Fabricante Tip. Nacional)
300 ## - DESCRIPCIÓN FÍSICA
Extensión 3 v.
505 8# - NOTA DE CONTENIDO CON FORMATO
Nota de contenido con formato Contiene: cuadernos 4,5,6,7,8,9,10,12,13,14,15,16,19,20,21
852 ## - LOCALIZACIÓN
Ubicación ES-MaACL
Número de control de estantería P-585
Holdings
Estatus retirado Estado de pérdida Estado de daño No para préstamo Biblioteca de origen Biblioteca actual Ubicación en estantería Fecha de adquisición Fuente de adquisición Total de préstamos Signatura topográfica completa Código de barras Visto por última vez Precio de reemplazo Tipo de ítem Koha
        Biblioteca del Ateneo de Madrid Biblioteca del Ateneo de Madrid Depósito 2 17/01/2008     P-585 1096563 23/02/2023 23/02/2023 Libro impreso